| 000 | 00481nam a22001817a 4500 | ||
|---|---|---|---|
| 005 | 20240701090324.0 | ||
| 008 | 240701b |||||||| |||| 00| 0 eng d | ||
| 020 | _a81-219-0004-2 | ||
| 082 |
_a330 _bDEW-M |
||
| 100 | _aDewett, K.K. | ||
| 245 |
_aModern Economic Theory; _cK.K. Dewett |
||
| 260 |
_aNew Delhi; _bS.Chand & Company; _c1993 |
||
| 300 |
_axvi, 741 p.: _bill; _c9.2 cm. |
||
| 500 | _aInclude index. | ||
| 650 | _aEconomics | ||
| 700 | _aAdarsh Chand | ||
| 999 |
_c35988 _d35988 |
||